00880nam a2200217 a 450000100100000000500170001000800410002702000150006804000130008308200170009610000280011324501610014126000280030230000340033044000350036450400730039950400390047265000540051170000430056571000540060800000556120200929151720.0090820s1984 sp ab 000 0 spa d a840005962X aDO-SdBNP a738.6bP132i1 aPage del Pozo, Virginia10aImitaciones de influjo griego en la cerámica ibérica de Valencia, Alicante y Murcia. /cVirginia Page del Pozo ; prólogo Ana María Muñoz Amilibia. aMadrid, :bCSIC,c1984. a308 p. :bil., map. ;c23 cm. 0aIberia GraecapArqueologican1 aIncluye referencias bibliográficas y notas al pie de las páginas aIncluye bibliografías (p. 23-39) 4aCerámica ibéricazValenciaxInfluencia griega1 aMuñoz Amilibia, Ana Maríaepról.1 aConsejo Superior de Investigaciones Científicas